00626nam a2200145Ia 450000500170000000800410001702000180005808200170007610000220009324500220011526000200013730000140015750002970017165000120046820250728154343.0250728s9999 xx 000 0 und d a9780919838246 a951.132bFUS aFoster, Harold D. 4aThe Dragon's Head bUBC Pressc1998 a352 pages aThis volume provides a comprehensive review of the geography of Shanghai. It is divided into three sections: an examination of the physical geography of the Yangtze River Delta; a review of the area's resources; and a focus on Shanghai's attempts to revitalize its infrastructure and economy. aHistory